[Event "Tourn. n9548"]
[Site "www.chess-mail.com"]
[Date "2017.11.22"]
[Round "1"]
[White "Prize64"]
[Black "Malbertan"]
[WhiteElo "1880"]
[BlackElo "1930"]
[Result "1/2-1/2"]
[Round "1"]
1.e4 d6
2.d4 Ng8f6
3.Nb1c3 Nb8d7
4.Bc1e3 e5
5.f3 Bf8e7
6.Ng1e2 O-O
7.Qd1d2 c6
8.O-O-O b5
9.g4 b4
10.Nc3a4 Qd8a5
11.b3 Nd7b6
12.dxe5 dxe5
13.g5 Nf6e8
14.Na4xb6 Qa5a3
15.Kb1 axb6
16.c4 bxc3
17.Ne2xc3 Be7b4
18.Rd1c1 c5
19.Bf1c4 Ne8c7
20.Qd2e2 Qa3a5
21.Nc3d5 Nc7xd5
22.Bc4xd5 Bc8a6
23.Bd5c4 b5
24.Bc4d5 Ra8c8
25.h4 Bb4a3
26.Rc1c2 Rc8c7
27.h5 b4
28.Bd5c4 Ba6xc4
29.Qe2xc4 Rf8c8
30.g6 Qa5b6
31.Rh1g1 Qb6e6
32.Qc4xe6 fxe6
33.gxh7 Kxh7
34.Rg1g6 c4
35.Rc2xc4 Rc7xc4
36.bxc4 Rc8xc4
37.Rg6xe6 Rc4c3
38.Be3g5 Rc3xf3
39.Re6xe5 b3
40.axb3 Rf3xb3
41.Ka2 Rb3h3
42.Bg5d8 Ba3d6
43.Re5d5 Bd6f4
44.Kb2 Rh3e3
45.Bd8g5 { draw }
1/2-1/2

[Event "Tourn. n9559"]
[Site "www.chess-mail.com"]
[Date "2017.11.22"]
[Round "1"]
[White "Tonino1"]
[Black "Lucaschess"]
[WhiteElo "2190"]
[BlackElo "2030"]
[Result "1/2-1/2"]
[Round "1"]
1.d4 d5
2.f4 e6
3.e3 b6
4.Ng1f3 Bc8a6
5.Bf1d3 Ba6xd3
6.Qd1xd3 f5
7.O-O Ng8f6
8.Nb1d2 Bf8d6
9.c3 O-O
10.Nf3e5 c5
11.b3 Qd8e8
12.Bc1b2 Nb8c6
13.Qd3b5 Nc6d8
14.Qb5xe8 Rf8xe8
15.Ra1c1 Nd8f7
16.Ne5xf7 Kxf7
17.Nd2f3 h6
18.Nf3e5 Bd6xe5
19.fxe5 Nf6e4
20.Rc1c2 { draw }
1/2-1/2

[Event "Tourn. n9595"]
[Site "www.chess-mail.com"]
[Date "2017.11.22"]
[Round "1"]
[White "Madz123456"]
[Black "Begory"]
[WhiteElo "1640"]
[BlackElo "1630"]
[Result "1-0"]
[Round "1"]
1.e4 e5
2.Ng1f3 Nb8c6
3.Bf1b5 Nc6e7
4.Nf3xe5 c6
5.Bb5c4 Ng8h6
6.Nb1c3 f6
7.Ne5f3 d5
8.exd5 cxd5
9.Bc4b3 Bc8e6
10.O-O Ne7c6
11.Rf1e1 Bf8c5
12.Re1xe6 Kf7
13.Re6e1 Nh6g4
14.d4 Bc5b4
15.Nf3g5 fxg5
16.Qd1xg4 h6
17.Qg4f5 Qd8f6
18.Qf5xd5 Kg6
19.Re1e6 Qf6xe6
20.Qd5xe6 Kh7
21.Qe6f5 g6
22.Qf5f7 { resign }
1-0

[Event "Tourn. n9589"]
[Site "www.chess-mail.com"]
[Date "2017.11.22"]
[Round "1"]
[White "Amaya"]
[Black "Luban"]
[WhiteElo "2120"]
[BlackElo "2070"]
[Result "1-0"]
[Round "1"]
1.d4 d5
2.e3 e6
3.Bf1d3 c5
4.c3 a6
5.f4 Nb8c6
6.Nb1d2 Ng8f6
7.Ng1f3 c4
8.Bd3c2 b5
9.O-O Bc8b7
10.Nf3e5 a5
11.Qd1f3 Bf8e7
12.a3 b4
13.axb4 axb4
14.Ra1xa8 Bb7xa8
15.g4 g6
16.Ne5xc6 Ba8xc6
17.Nd2xc4 Bc6a8
18.Nc4e5 O-O
19.Bc1d2 Nf6d7
20.g5 Nd7xe5
21.dxe5 bxc3
22.bxc3 Qd8a5
23.Qf3h3 Be7c5
24.Qh3g3 Rf8c8
25.h4 d4
26.h5 dxe3
27.Bd2xe3 Bc5xe3
28.Qg3xe3 Rc8xc3
29.Bc2d3 Ba8d5
30.h6 Qa5c5
31.Qe3xc5 Rc3xc5
32.Rf1b1 Rc5c8
33.Bd3a6 Rc8a8
34.Rb1c1 Kf8
35.Ba6d3 Ke7
36.Bd3b5 Ra8a7
37.Rc1c8 Ra7a8
38.Rc8c7 Kf8
39.Rc7c1 Ke7
40.Kf2 Kd8
41.Rc1d1 Kc7
42.Rd1c1 Kb6
43.Rc1b1 Kc5
44.Bb5e2 Ra8a2
45.Ke1 Ra2a8
46.Rb1c1 Kd4
47.Rc1c7 Ra8f8
48.Kf2 Bd5e4
49.Rc7c4 Kd5
50.Ke3 Be4f5
51.Rc4c1 { resign }
1-0

[Event "Tourn. n9618"]
[Site "www.chess-mail.com"]
[Date "2017.11.22"]
[Round "1"]
[White "Vios"]
[Black "Fantomas"]
[WhiteElo "2210"]
[BlackElo "2130"]
[Result "1/2-1/2"]
[Round "1"]
1.d4 d5
2.Ng1f3 Ng8f6
3.Bc1g5 e6
4.c4 Bf8e7
5.Nb1c3 c6
6.e3 O-O
7.Bf1d3 h6
8.Bg5h4 Nb8d7
9.O-O b6
10.b3 Bc8b7
11.Ra1c1 Ra8c8
12.h3 c5
13.Qd1e2 Nf6e4
14.Bh4xe7 Qd8xe7
15.cxd5 Ne4xc3
16.Rc1xc3 Bb7xd5
17.Rf1c1 Bd5b7
18.Bd3b5 cxd4
19.Rc3xc8 { draw }
1/2-1/2

[Event "Tourn. n9617"]
[Site "www.chess-mail.com"]
[Date "2017.11.22"]
[Round "1"]
[White "Apdash"]
[Black "Coolant"]
[WhiteElo "2310"]
[BlackElo "2360"]
[Result "0-1"]
[Round "1"]
1.e4 e5
2.Ng1f3 Nb8c6
3.Bf1c4 Ng8f6
4.d3 Bf8c5
5.O-O d6
6.a3 a5
7.Qd1e2 Bc8g4
8.c3 Qd8d7
9.Bc1e3 O-O
10.Nb1d2 Bc5xe3
11.Qe2xe3 Nc6e7
12.h3 Bg4e6
13.Bc4xe6 fxe6
14.d4 exd4
15.cxd4 Ne7g6
16.e5 Nf6d5
17.Qe3e4 Rf8f4
18.Qe4c2 dxe5
19.dxe5 Ra8a6
20.g3 Rf4f5
21.Rf1e1 Qd7f7
22.Kg2 Ra6c6
23.Qc2e4 Qf7f8
24.Re1e2 Qf8c5
25.Nd2b3 Qc5b6
26.Nb3d4 Rc6c4
27.Ra1d1 c5
28.b3 Rc4xd4
29.Nf3xd4 Rf5xe5
30.Qe4g4 cxd4
31.Re2c2 Qb6xb3
32.Rd1c1 d3
33.Rc2c8 Kf7
34.h4 h5
35.Qg4d4 Qb3xa3
36.Rc1d1 Qa3b4
37.Qd4xd3 Ng6f4
{ resign }
0-1

[Event "Tourn. n9617"]
[Site "www.chess-mail.com"]
[Date "2017.11.22"]
[Round "1"]
[White "Apdash"]
[Black "Rons"]
[WhiteElo "2310"]
[BlackElo "2660"]
[Result "0-1"]
[Round "1"]
1.d4 Ng8f6
2.c4 e6
3.Ng1f3 b6
4.Bc1g5 Bc8b7
5.e3 h6
6.Bg5h4 Bf8b4
7.Nb1d2 g5
8.Bh4g3 g4
9.Nf3e5 Nf6e4
10.Qd1xg4 Bb4xd2
11.Kd1 Qd8g5
12.Qg4h3 Bd2xe3
13.Bg3h4 Be3xd4
14.Bh4xg5 Ne4xf2
15.Kc2 Nf2xh3
16.Bg5f6 Rh8g8
17.Ne5xd7 Bd4xb2
18.Bf6xb2 Nb8xd7
19.Ra1e1 Nd7c5
20.Bb2e5 Bb7xg2
21.Bf1xg2 Rg8xg2
22.Kb1 Nc5d3
23.Re1e3 Nd3xe5
24.Re3xe5 Ra8d8
25.Re5h5 Nh3g1
26.Rh5xh6 Rd8d1
{ resign }
0-1

[Event "Tourn. n9545"]
[Site "www.chess-mail.com"]
[Date "2017.11.22"]
[Round "1"]
[White "Tonino1"]
[Black "Norlavuaram"]
[WhiteElo "2170"]
[BlackElo "2080"]
[Result "1-0"]
[Round "1"]
1.d4 Ng8f6
2.f4 d5
3.e3 Bc8g4
4.Ng1f3 c5
5.c3 Nb8c6
6.Bf1d3 g6
7.O-O c4
8.Bd3c2 Bf8g7
9.h3 Bg4c8
10.Nb1d2 O-O
11.Qd1e2 b5
12.Nf3e5 Qd8c7
13.Ne5xc6 Qc7xc6
14.e4 dxe4
15.Nd2xe4 Bc8b7
16.Ne4c5 a5
17.Nc5xb7 Qc6xb7
18.Bc1d2 e6
19.g4 Ra8c8
20.Qe2f3 Qb7b8
21.Ra1e1 Nf6d5
22.f5 Qb8a8
23.Qf3e2 exf5
24.gxf5 Rc8e8
25.Qe2g2 Re8xe1
26.Rf1xe1 Qa8d8
27.Bc2e4 Nd5f6
28.Bd2g5 Qd8b6
29.Qg2d2 Nf6xe4
30.Re1xe4 gxf5
31.Re4h4 Qb6g6
32.Kh2 Rf8e8
33.Qd2f4 Qg6e6
34.Qf4f2 Qe6e2
35.Rh4f4 Qe2h5
36.Qf2h4 Qh5d1
37.Rf4xf5 Qd1c2
38.Rf5f2 Qc2g6
39.Qh4f4 Re8e4
40.Qf4b8 Bg7f8
41.Rf2g2 { resign }
1-0

[Event "Tourn. n9446"]
[Site "www.chess-mail.com"]
[Date "2017.11.22"]
[Round "1"]
[White "Senitram"]
[Black "Greghghs"]
[WhiteElo "2630"]
[BlackElo "2540"]
[Result "1/2-1/2"]
[Round "1"]
1.c4 e5
2.Nb1c3 Ng8f6
3.Ng1f3 Nb8c6
4.e4 Bf8b4
5.d3 d6
6.Bf1e2 Bc8g4
7.O-O Bg4xf3
8.Be2xf3 O-O
9.Nc3d5 Nf6xd5
10.cxd5 Nc6d4
11.Bc1e3 Bb4c5
12.Ra1c1 a5
13.Bf3g4 c6
14.dxc6 bxc6
15.Rc1c4 Qd8b6
16.Qd1c1 a4
17.Be3xd4 Bc5xd4
18.Rc4xc6 Qb6xb2
19.Qc1xb2 Bd4xb2
20.Rc6xd6 Rf8b8
21.Rd6c6 Bb2d4
22.Rf1c1 Kf8
23.Rc6c8 Rb8xc8
24.Rc1xc8 Ra8xc8
25.Bg4xc8 Ke7
26.Bc8a6 Kd6
27.Ba6b5 a3
28.Bb5c4 f6
29.Bc4g8 h6
30.h4 g5
31.h5 Bd4b2
32.Kf1 Bb2d4
33.Bg8c4 Kc5
34.Ke2 Kd6
35.Bc4a6 Bd4c3
36.Kf3 Bc3e1
37.Ba6c8 Ke7
38.Ke3 Kf8
39.Ke2 Be1c3
40.g3 Ke7
41.Kf3 Bc3e1
42.Ke3 Kd8
43.Bc8a6 Kc7
44.Ba6c4 Kd6
45.Bc4b5 Kc5
46.Bb5a6 Be1c3
47.Ke2 Bc3d4
48.Kf3 Kb4
49.Ba6c4 Kc3
50.Ke2 { draw }
1/2-1/2

[Event "Match"]
[Site "www.echecsemail.com"]
[Date "2017.11.22"]
[Round "1"]
[White "Gidi5"]
[Black "Chapi"]
[WhiteElo "2310"]
[BlackElo "2210"]
[Result "1-0"]
[Round "1"]
1.e4 c5
2.Ng1f3 Nb8c6
3.Bf1b5 g6
4.Bb5xc6 bxc6
5.O-O Bf8g7
6.c3 Bc8a6
7.d3 Ng8f6
8.Rf1e1 O-O
9.Bc1e3 d6
10.Qd1c2 Ra8b8
11.Nb1d2 Qd8b6
12.b4 Qb6b5
13.bxc5 Qb5xd3
14.Qc2xd3 Ba6xd3
15.e5 Nf6e4
16.Nd2xe4 Bd3xe4
17.Nf3d2 Be4d5
18.cxd6 exd6
19.c4 Bd5e6
20.f4 dxe5
21.Be3xa7 Rb8a8
22.Ba7c5 Rf8d8
23.Ra1d1 Ra8xa2
24.Nd2f3 Rd8xd1
25.Re1xd1 f6
26.fxe5 fxe5
27.Nf3g5 Be6xc4
28.Rd1d8 Bg7f8
29.Rd8xf8 Kg7
30.h4 Bc4d5
31.Rf8f2 Ra2a4
32.Bc5f8 Kg8
33.Bf8h6 Ra4f4
34.Rf2b2 Kh8
35.Rb2b8 Bd5g8
36.Rb8b7 Bg8d5
37.Rb7b8 Bd5g8
38.g3 Rf4f5
39.Rb8b7 { resign }
1-0

[Event "Match"]
[Site "www.echecsemail.com"]
[Date "2017.11.22"]
[Round "1"]
[White "Apdash"]
[Black "Karlgrocer"]
[WhiteElo "2230"]
[BlackElo "2030"]
[Result "1/2-1/2"]
[Round "1"]
1.d4 d5
2.Ng1f3 e6
3.e3 Ng8f6
4.c4 dxc4
5.Bf1xc4 Bf8e7
6.O-O O-O
7.Nb1c3 a6
8.e4 b5
9.Bc4b3 Bc8b7
10.e5 Nf6d7
11.Bc1f4 c5
12.dxc5 Nd7xc5
13.Qd1xd8 Rf8xd8
14.Bb3c2 Bb7xf3
15.gxf3 Nb8c6
16.Kg2 Nc6d4
17.Bc2e4 Nc5xe4
18.Nc3xe4 Nd4f5
19.Bf4g3 Rd8d5
20.Ra1c1 Ra8d8
21.Rc1c6 a5
22.Rf1c1 g6
23.Rc6c7 Rd8d7
24.Bg3f4 Kg7
25.Rc7c8 Nf5d4
26.Ne4g3 Be7h4
27.Rc8a8 Bh4xg3
28.fxg3 Nd4e2
29.Rc1c2 Ne2xf4
30.gxf4 Rd5d2
31.Rc2xd2 Rd7xd2
32.Kg3 Rd2xb2
33.Ra8xa5 h5
34.h4 b4
35.Ra5b5 Rb2xa2
36.Rb5xb4 Ra2a5
37.Rb4b7 Ra5a1
38.Kg2 Ra1d1
39.Rb7a7 Kf8
40.Ra7b7 Ke8
41.Rb7a7 Rd1d7
42.Ra7a8 Ke7
43.Ra8a4 f6
44.Kg3 f5
45.Ra4a6 Rd7b7
46.Ra6a8 Kf7
47.Ra8h8 Kg7
48.Rh8e8 Kf7
49.Re8h8 Kg7
50.Rh8e8 Kf7
51.Re8h8 Rb7b6
52.Rh8h7 Kg8
53.Rh7e7 Kf8
54.Re7c7 Rb6b8
55.Rc7h7 Kg8
56.Rh7e7 Rb8b6
57.Re7c7 Rb6a6
{ draw }
1/2-1/2

[Event "Match"]
[Site "www.echecsemail.com"]
[Date "2017.11.22"]
[Round "1"]
[White "Jpmartinez"]
[Black "Vgrynyuk"]
[WhiteElo "2560"]
[BlackElo "2660"]
[Result "1/2-1/2"]
[Round "1"]
1.d4 d5
2.c4 c6
3.Ng1f3 Ng8f6
4.g3 dxc4
5.Bf1g2 b5
6.Nf3e5 Bc8b7
7.O-O e6
8.b3 cxb3
9.axb3 Qd8b6
10.Nb1c3 a5
11.Bc1b2 Bf8d6
12.Qd1c2 O-O
13.Nc3e4 Nf6xe4
14.Bg2xe4 h6
15.Rf1d1 Qb6c7
16.Ne5d3 Nb8d7
17.Nd3c5 Nd7xc5
18.dxc5 Bd6e7
19.f4 f6
20.Be4f3 Rf8d8
21.Kg2 Rd8xd1
22.Ra1xd1 Ra8d8
23.Rd1a1 Be7f8
24.Bb2c3 { draw }
1/2-1/2

[Event "Match"]
[Site "www.echecsemail.com"]
[Date "2017.11.22"]
[Round "1"]
[White "Dussek"]
[Black "Joaodelisboa"]
[WhiteElo "1820"]
[BlackElo "1599"]
[Result "0-1"]
[Round "1"]
1.e4 c5
2.b3 d6
3.Bc1b2 e5
4.Bf1c4 Ng8f6
5.Nb1c3 a6
6.Ng1f3 Bf8e7
7.O-O O-O
8.Nc3d5 Nf6xe4
9.d3 Ne4f6
10.Nd5xf6 Be7xf6
11.h3 Rf8e8
12.Rf1e1 Bc8e6
13.Bc4xe6 Re8xe6
14.Qd1d2 Nb8c6
15.a3 Nc6d4
16.Nf3xd4 cxd4
17.a4 a5
18.Bb2a3 Qd8d7
19.c4 dxc3
20.Qd2xc3 e4
21.Qc3d2 Bf6xa1
22.Re1xa1 exd3
23.Qd2xd3 Ra8e8
24.Qd3d2 b6
25.Ba3b2 Qd7e7
26.Kf1 f6
27.Bb2d4 Qe7b7
28.Ra1c1 Qb7d5
29.Qd2c3 Qd5b7
30.Bd4e3 Qb7a6
31.Kg1 d5
32.Qc3d4 Qa6b7
33.b4 axb4
34.Qd4xb4 Re6e4
35.Qb4b5 d4
36.Qb5c4 Kh8
37.Be3d2 h6
38.f3 Re4e5
39.Qc4xd4 Re5d5
40.Qd4c3 Rd5c5
41.Qc3b2 Rc5xc1
42.Qb2xc1 Re8a8
43.Qc1a3 Qb7d7
44.Bd2e3 b5
45.Qa3b4 Qd7d1
46.Kh2 Qd1xa4
47.Qb4d6 Qa4a1
48.Qd6c6 b4
49.Qc6d5 Qa1e5
50.Qd5xe5 fxe5
51.Be3d2 b3
52.Bd2c3 Ra8e8
53.Bc3b2 e4
54.fxe4 Re8xe4
55.Kg3 Re4e2
56.Bb2c3 b2
57.Bc3xb2 Re2xb2
58.Kf3 g5
59.g4 Kg7
{ resign }
0-1

[Event "Match"]
[Site "www.echecsemail.com"]
[Date "2017.11.22"]
[Round "1"]
[White "Biohazard"]
[Black "Gimmyg"]
[WhiteElo "1829"]
[BlackElo "2480"]
[Result "1-0"]
[Round "1"]
1.e3 g6
2.Bf1e2 Ng8f6
3.Ng1f3 c5
4.d4 cxd4
5.exd4 d5
6.c3 Bf8g7
7.O-O Nb8c6
8.Bc1f4 O-O
9.h3 Nf6h5
10.Bf4h2 Bg7h6
11.Rf1e1 Bh6f4
12.Nb1d2 Bf4xh2
13.Nf3xh2 Nh5f4
14.Be2f1 f6
15.b4 a6
16.a4 Qd8d6
17.Nh2g4 Kg7
18.Ra1c1 h5
19.Ng4e3 e5
20.dxe5 fxe5
21.c4 d4
22.Ne3d5 Bc8e6
23.Nd2e4 Qd6d8
24.Nd5xf4 Rf8xf4
25.b5 Nc6a5
26.Ne4c5 Qd8d6
27.Nc5d3 Rf4f6
28.c5 Qd6d8
29.Re1xe5 Be6f7
30.Qd1e2 Ra8c8
31.g4 hxg4
32.Qe2xg4 Na5c4
33.Re5h5 Nc4d2
34.Bf1g2 Nd2b3
35.Rc1e1 Nb3xc5
36.Nd3xc5 { resign }
1-0

[Event "Match"]
[Site "www.echecsemail.com"]
[Date "2017.11.22"]
[Round "1"]
[White "Llord"]
[Black "Ztornad"]
[WhiteElo "1920"]
[BlackElo "1550"]
[Result "1/2-1/2"]
[Round "1"]
1.e4 e5
2.Ng1f3 d6
3.Bf1c4 Bc8e6
4.Bc4xe6 fxe6
5.O-O Ng8f6
6.Rf1e1 Nb8c6
7.Nb1c3 Nc6d4
8.d3 a6
9.Bc1e3 Nd4xf3
10.Qd1xf3 Qd8e7
11.a4 h5
12.Be3g5 O-O-O
13.b4 h4
14.h3 Qe7f7
15.b5 a5
16.b6 c6
17.Nc3d1 Rh8h5
18.Bg5xf6 gxf6
19.Nd1e3 Bf8h6
20.Ne3g4 Bh6f4
21.c4 c5
22.Ra1b1 Kd7
23.Rb1b5 Rd8a8
24.Ng4xf6 Qf7xf6
25.Qf3xh5 Ra8h8
26.Qh5f3 Rh8a8
27.Kh1 Qf6g5
28.Re1g1 Kc6
29.g3 hxg3
30.fxg3 Ra8g8
31.g4 Rg8a8
32.Rg1b1 Ra8a6
33.Kg2 Ra6a8
{ draw }
1/2-1/2

[Event "Match"]
[Site "www.echecsemail.com"]
[Date "2017.11.22"]
[Round "1"]
[White "Gidi5"]
[Black "Geodad5"]
[WhiteElo "2059"]
[BlackElo "2120"]
[Result "1-0"]
[Round "1"]
1.e4 c5
2.Ng1f3 d6
3.d4 cxd4
4.Nf3xd4 Nb8c6
5.Nb1c3 Ng8f6
6.Bf1e2 g6
7.Bc1e3 Bf8g7
8.O-O O-O
9.Kh1 a6
10.f4 Bc8d7
11.Qd1e1 Ra8c8
12.Ra1d1 Nc6xd4
13.Be3xd4 Bd7c6
14.Be2f3 Qd8c7
15.Qe1f2 b5
16.a3 Qc7b7
17.Rf1e1 Rc8c7
18.Nc3d5 Nf6xd5
19.Bd4xg7 Kxg7
20.exd5 Bc6d7
21.Re1xe7 Bd7f5
22.Qf2d4 Kg8
23.Re7xc7 Qb7xc7
24.c3 Rf8e8
25.Qd4f2 Bf5c8
26.Qf2d4 Re8e7
27.Kg1 Qc7d8
28.Kf2 Qd8c7
29.Rd1d3 Bc8f5
30.Rd3e3 Re7xe3
31.Kxe3 Bf5c8
32.g4 Bc8b7
33.f5 Qc7e7
34.Qd4e4 Kf8
35.Qe4xe7 Kxe7
36.Kf4 Kf6
37.g5 Ke7
38.f6 Kd8
39.Ke3 Kc7
40.Kd4 Kb6
41.Bf3g4 Kc7
42.Bg4e6 fxe6
43.f7 { resign }
1-0

[Event "1/128 Finale"]
[Site "www.chess-mail.com"]
[Date "2017.11.22"]
[Round "1"]
[White "Bojan"]
[Black "Sahlapalat"]
[WhiteElo "1980"]
[BlackElo "1499"]
[Result "1-0"]
[Round "1"]
1.e4 c5
2.Ng1f3 d6
3.Nb1c3 Nb8c6
4.Bf1b5 Bc8d7
5.a3 Ng8f6
6.d3 e6
7.Qd1e2 Qd8c7
8.Bc1g5 Bf8e7
9.Bg5e3 O-O
10.Bb5c4 a6
11.Bc4a2 b5
12.d4 cxd4
13.Nf3xd4 Ra8c8
14.O-O Rf8d8
15.Qe2f3 Nc6e5
16.Qf3e2 Ne5c4
17.Be3c1 Qc7b6
18.Nd4f3 Bd7c6
19.b3 Nc4a5
20.Bc1e3 Qb6c7
21.Nf3d2 d5
22.exd5 Nf6xd5
23.Nc3xd5 Bc6xd5
24.Ba2b1 Be7f6
25.Ra1a2 Na5c6
26.c4 bxc4
27.bxc4 Bd5xg2
28.Kxg2 Nc6d4
29.Qe2g4 Qc7b7
30.f3 Nd4c6
31.Nd2e4 Bf6e7
32.Ne4g5 h6
33.Ng5h3 Nc6e5
34.Qg4g3 Kh8
35.Qg3xe5 Be7f6
36.Qe5g3 Rc8xc4
37.Bb1e4 Qb7b3
38.Ra2e2 a5
39.Rf1f2 Qb3xa3
40.Nh3f4 Rc4c3
41.Be3b6 Rd8b8
42.Re2a2 Qa3c1
43.Nf4e2 { resign }
1-0

[Event "Fast Game"]
[Site "www.echecsemail.com"]
[Date "2017.11.22"]
[Round "1"]
[White "Apdash"]
[Black "Esperanza"]
[WhiteElo "1950"]
[BlackElo "1880"]
[Result "1-0"]
[Round "1"]
1.d4 d5
2.Ng1f3 Ng8f6
3.c4 e6
4.Nb1c3 Bf8e7
5.Qd1c2 O-O
6.e4 dxe4
7.Nc3xe4 Nf6xe4
8.Qc2xe4 Nb8d7
9.Bf1d3 Nd7f6
10.Qe4e5 c5
11.Bc1e3 cxd4
12.Be3xd4 Be7b4
13.Ke2 Bb4d6
{ time. }
1-0

[Event "Tourn. n9614"]
[Site "www.chess-mail.com"]
[Date "2017.11.23"]
[Round "1"]
[White "Vios"]
[Black "Orhany24"]
[WhiteElo "2210"]
[BlackElo "2130"]
[Result "1-0"]
[Round "1"]
1.d4 d5
2.Ng1f3 Ng8f6
3.Bc1f4 Bc8f5
4.c4 e6
5.Nb1c3 a6
6.e3 c5
7.Qd1b3 Qd8d7
8.Nf3e5 Qd7c8
9.cxd5 exd5
10.Nc3xd5 Bf8e7
11.Nd5xe7 Kxe7
12.Qb3xf7 { resign }
1-0

[Event "Tourn. n9557"]
[Site "www.chess-mail.com"]
[Date "2017.11.23"]
[Round "1"]
[White "Tonino1"]
[Black "Gvladutz"]
[WhiteElo "2280"]
[BlackElo "2490"]
[Result "1/2-1/2"]
[Round "1"]
1.d4 Ng8f6
2.f4 d5
3.e3 Bc8g4
4.Ng1f3 e6
5.Bf1d3 c5
6.c3 Nb8c6
7.Nb1d2 Bf8d6
8.O-O O-O
9.h3 Bg4f5
10.Bd3xf5 exf5
11.Nf3e5 Rf8e8
12.Qd1c2 Qd8c8
13.Ne5xc6 Qc8xc6
14.Nd2f3 Nf6e4
15.Nf3e5 Qc6c7
16.Bc1d2 Ra8c8
17.Ra1c1 Ne4g3
18.Rf1e1 c4
19.Kh2 Ng3e4
20.Re1g1 f6
21.Ne5f3 g5
22.g3 g4
23.Nf3h4 Qc7d7
24.Bd2e1 h5
25.Nh4g2 Kg7
26.h4 Bd6c7
27.Be1f2 b5
28.Rc1a1 a5
29.a3 Rc8d8
30.Rg1c1 Rd8b8
31.Bf2e1 Rb8b6
32.Rc1b1 a4
33.Be1f2 Rb6e6
34.Rb1e1 Re8d8
35.Re1e2 Re6e8
36.Ra1e1 Bc7b6
37.Qc2c1 { draw }
1/2-1/2

[Event "Tourn. n9625"]
[Site "www.chess-mail.com"]
[Date "2017.11.23"]
[Round "1"]
[White "Bojan"]
[Black "Mitja"]
[WhiteElo "1980"]
[BlackElo "2000"]
[Result "1/2-1/2"]
[Round "1"]
1.e4 d5
2.exd5 Qd8xd5
3.Nb1c3 Qd5d8
4.Qd1f3 e6
5.Bf1c4 c6
6.d3 h6
7.Bc1f4 Ng8f6
8.Ng1e2 Nb8d7
9.a3 Nd7b6
10.Bc4b3 Nb6d5
11.Nc3xd5 Nf6xd5
12.Bf4d2 Bf8e7
13.Ne2c3 Nd5xc3
14.Bd2xc3 Be7f6
15.Bc3xf6 Qd8xf6
16.Qf3xf6 gxf6
17.Kd2 Ke7
18.a4 a5
19.d4 b6
20.c4 Bc8b7
21.g3 c5
22.d5 exd5
23.cxd5 Kd6
24.Rh1e1 Bb7xd5
25.Kc3 Bd5xb3
26.Kxb3 Rh8e8
27.Re1d1 Kc7
28.Rd1d2 Ra8d8
29.Ra1d1 Rd8xd2
30.Rd1xd2 Re8d8
31.Rd2xd8 Kxd8
32.Kc4 Kc7
33.Kd5 Kd7
34.g4 Kc7
35.b3 Kd7
36.f4 Kc7
37.h4 Kd7
38.Ke4 Ke6
39.g5 hxg5
40.fxg5 { draw }
1/2-1/2

[Event "Tourn. n9553"]
[Site "www.chess-mail.com"]
[Date "2017.11.23"]
[Round "1"]
[White "Sahlapalat"]
[Black "Mystakerchon"]
[WhiteElo "1499"]
[BlackElo "1639"]
[Result "1-0"]
[Round "1"]
1.d4 d5
2.c4 c6
3.Ng1f3 h6
4.Nb1c3 Bc8e6
5.cxd5 cxd5
6.Bc1f4 g5
7.Bf4e5 f6
8.Be5xb8 Ra8xb8
9.e3 Bf8g7
10.Qd1a4 Qd8d7
11.Bf1b5 Qd7xb5
12.Qa4xb5 Be6d7
13.Qb5xd5 e6
14.Qd5d6 Rb8c8
15.O-O Bg7f8
16.Qd6g3 Ng8e7
17.e4 Ne7g6
18.e5 Bf8g7
19.exf6 Bg7xf6
20.Rf1e1 O-O
21.Nc3e4 Bf6e7
22.Nf3e5 Ng6xe5
23.dxe5 Rc8c2
24.Ra1d1 Bd7c6
25.h4 Bc6xe4
26.Re1xe4 Be7c5
27.Qg3g4 Rf8e8
28.hxg5 Bc5f8
29.gxh6 { resign }
1-0

[Event "Tourn. n9550"]
[Site "www.chess-mail.com"]
[Date "2017.11.23"]
[Round "1"]
[White "Jjmcbride"]
[Black "Redapond1"]
[WhiteElo "1600"]
[BlackElo "1650"]
[Result "1-0"]
[Round "1"]
1.e4 e5
2.Ng1f3 Nb8c6
3.Bf1b5 a6
4.Bb5xc6 dxc6
5.Nf3xe5 Qd8d4
6.O-O Qd4xe5
7.d4 Qe5xe4
8.Rf1e1 Qe4xe1
9.Qd1xe1 Bc8e6
10.Nb1c3 O-O-O
11.Nc3e2 Rd8e8
12.b3 Ng8f6
13.f3 c5
14.Bc1f4 cxd4
15.Ne2xd4 Be6xb3
16.Qe1c3 Nf6d5
17.Qc3xb3 Nd5xf4
18.Qb3xf7 Bf8c5
19.Qf7xf4 Bc5d6
20.Qf4f5 Kb8
21.Ra1b1 Re8e5
22.Qf5d3 Bd6c5
23.Kf1 Rh8e8
24.Nd4c6 { resign }
1-0

[Event "Tourn. n9625"]
[Site "www.chess-mail.com"]
[Date "2017.11.23"]
[Round "1"]
[White "Joaodelisboa"]
[Black "Apdash"]
[WhiteElo "2160"]
[BlackElo "2260"]
[Result "0-1"]
[Round "1"]
1.e4 c5
2.Ng1f3 Nb8c6
3.d4 cxd4
4.Nf3xd4 d6
5.Nb1c3 g6
6.Bf1b5 Bc8d7
7.O-O a6
8.Bb5c4 Bf8g7
9.Bc1e3 Ra8c8
10.Bc4b3 Ng8f6
11.f3 O-O
12.Kh1 Nc6a5
13.Qd1e2 Na5xb3
14.axb3 e5
{ resign }
0-1

[Event "Tourn. n9588"]
[Site "www.chess-mail.com"]
[Date "2017.11.23"]
[Round "1"]
[White "Passaroa25"]
[Black "Cal"]
[WhiteElo "1670"]
[BlackElo "1670"]
[Result "0-1"]
[Round "1"]
1.e4 e5
2.f3 d6
3.c3 h6
4.d3 Ng8f6
5.Nb1d2 Nb8c6
6.Ng1e2 a6
7.Ne2g3 g5
8.Nd2b3 Bc8e6
9.Bc1d2 b6
10.Bf1e2 a5
11.a4 Bf8g7
12.Qd1c2 Nc6e7
13.O-O-O O-O
14.Nb3a1 c5
15.b3 Nf6h7
16.Ng3f5 Be6xf5
17.exf5 Ne7xf5
18.c4 Nf5d4
19.Qc2b2 Nd4xe2
20.Kb1 e4
21.Qb2c2 Qd8f6
22.d4 Qf6xd4
23.Ka2 b5
24.Qc2xe4 Qd4b2

0-1

[Event "Tourn. n9610"]
[Site "www.chess-mail.com"]
[Date "2017.11.23"]
[Round "1"]
[White "Bojan"]
[Black "Orhany24"]
[WhiteElo "2010"]
[BlackElo "2130"]
[Result "0-1"]
[Round "1"]
1.e4 e5
2.Bf1c4 Ng8f6
3.Nb1c3 c6
4.d4 d5
5.exd5 exd4
6.Qd1xd4 cxd5
7.Bc4b3 Nb8c6
8.Qd4e3 Bc8e6
9.Nc3b5 a6
10.Nb5d4 Nc6xd4
11.Qe3xd4 Bf8e7
12.c3 O-O
13.Ng1f3 b6
14.O-O Be7c5
15.Qd4d3 h6
16.h3 Rf8e8
17.Bc1f4 Nf6e4
18.Bb3c2 Be6f5
19.Qd3d1 Qd8f6
20.Bf4h2 Ra8d8
21.Nf3d2 Qf6g6
22.Nd2xe4 dxe4
23.Qd1e2 Bf5xh3
24.Bh2g3 Qg6xg3
{ resign }
0-1

[Event "Tourn. n9577"]
[Site "www.chess-mail.com"]
[Date "2017.11.23"]
[Round "1"]
[White "Roque1"]
[Black "Caspito"]
[WhiteElo "1840"]
[BlackElo "1890"]
[Result "0-1"]
[Round "1"]
1.e4 e5
2.Ng1f3 Nb8c6
3.Bf1b5 a6
4.Bb5a4 b5
5.Ba4b3 Nc6d4
6.Nf3xd4 exd4
7.Qd1f3 Qd8f6
8.Qf3h5 Bc8b7
9.d3 c5
10.Bc1g5 Qf6g6
11.Qh5xg6 fxg6
12.O-O Bf8e7
13.f4 Be7xg5
14.fxg5 Ng8e7
15.Bb3f7 Kd8
16.Nb1d2 Kc7
17.Nd2f3 d6
18.c4 b4
19.a3 a5
20.a4 Ra8f8
21.Bf7e6 Bb7c8
22.Be6d5 Ne7xd5
23.cxd5 Bc8a6
24.Ra1d1 h6
25.e5 dxe5
26.Nf3xe5 Rf8xf1
27.Rd1xf1 Rh8e8
28.gxh6 gxh6
29.Ne5c4 Ba6xc4
30.dxc4 Re8e2
31.Rf1f6 d3
32.Kf1 Re2xb2
33.Ke1 b3
34.Rf6f3 Rb2e2
35.Kd1 b2
36.Rf3f7 Kd8
37.Rf7b7 Re2xg2
38.d6 Rg2g1
39.Kd2 b1Q
40.Rb7xb1 Rg1xb1
41.Kxd3 Rb1d1
42.Ke4 Rd1xd6
43.Kf4 Ke7
44.Ke5 Rd6d4
45.h4 Rd4xh4
46.Kd5 Kd7
47.Kxc5 Kc7
48.Kb5 Kb7
49.c5 Rh4xa4
50.c6 Kc7
51.Kc5 Ra4f4
52.Kb5 a4
53.Ka5 a3
54.Kb5 a2
55.Kc5 a1Q
56.Kd5 Qa1a5
57.Ke6 Qa5f5
58.Ke7 Qf5e5

0-1

[Event "Tourn. n9556"]
[Site "www.chess-mail.com"]
[Date "2017.11.23"]
[Round "1"]
[White "Luban"]
[Black "Churrasca"]
[WhiteElo "2090"]
[BlackElo "1990"]
[Result "0-1"]
[Round "1"]
1.d4 Ng8f6
2.c4 g6
3.Ng1f3 Bf8g7
4.e3 c5
5.Nb1c3 e6
6.Bf1e2 O-O
7.O-O b6
8.b3 Nb8c6
9.Bc1b2 Bc8b7
10.d5 Nc6b4
11.a3 Nb4a6
12.Ra1b1 exd5
13.cxd5 d6
14.e4 Rf8e8
15.Be2d3 Na6b8
16.Rf1e1 a6
17.h3 Nb8d7
18.Qd1c2 Nf6h5
19.Nc3e2 Bg7xb2
20.Qc2xb2 b5
21.Qb2d2 Qd8f6
22.Qd2b2 Qf6xb2
23.Rb1xb2 Nd7e5
24.Nf3xe5 Re8xe5
25.f4 Re5e7
26.g4 Nh5f6
27.Ne2g3 Nf6xd5
28.Rb2f2 Nd5f6
29.Rf2e2 Ra8e8
30.Kf2 d5
31.e5 Nf6d7
{ resign }
0-1

[Event "Tourn. n9612"]
[Site "www.chess-mail.com"]
[Date "2017.11.23"]
[Round "1"]
[White "Caspito"]
[Black "Attatroll"]
[WhiteElo "1980"]
[BlackElo "1990"]
[Result "0-1"]
[Round "1"]
1.e4 d6
2.d4 Ng8f6
3.Nb1c3 g6
4.Bc1g5 Bf8g7
5.Ng1f3 O-O
6.Bf1d3 Nb8c6
7.a3 a6
8.O-O Bc8g4
9.Bd3e2 h6
10.Bg5h4 g5
11.Bh4xg5 Bg4xf3
12.Be2xf3 hxg5
13.e5 dxe5
14.dxe5 Nc6xe5
15.Bf3xb7 Ra8b8
16.Qd1xd8 Rf8xd8
17.Bb7xa6 Rb8xb2
18.Ba6d3 Ne5xd3
19.cxd3 Rd8xd3
20.Nc3a4 Rb2c2
21.Ra1c1 Rc2xc1
22.Rf1xc1 Rd3xa3
23.Na4c5 Nf6g4
24.h3 Ng4e5
25.Nc5e4 Ne5d3
26.Rc1xc7 Ra3a1
27.Kh2 Bg7e5
{ resign }
0-1

[Event "Tourn. n9587"]
[Site "www.chess-mail.com"]
[Date "2017.11.23"]
[Round "1"]
[White "Luban"]
[Black "Orhany24"]
[WhiteElo "2090"]
[BlackElo "2120"]
[Result "1-0"]
[Round "1"]
1.d4 d5
2.Ng1f3 Ng8f6
3.h3 c5
4.dxc5 Nb8c6
5.e3 e5
6.Bf1b5 Bc8d7
7.Bb5xc6 bxc6
8.b4 e4
9.Nf3d4 Bf8e7
10.Bc1b2 O-O
11.Nb1d2 a5
12.a3 axb4
13.axb4 Ra8xa1
14.Qd1xa1 Qd8c7
15.c4 Qc7b7
16.Qa1a3 Rf8a8
17.Qa3c3 Ra8b8
18.Bb2a3 h6
19.O-O Qb7c8
20.Kh2 g5
21.Qc3c2 g4
22.cxd5 cxd5
23.c6 Qc8c7
24.Kh1 Bd7c8
25.hxg4 Nf6xg4
26.g3 Qc7e5
27.Kg2 Be7g5
28.Qc2c3 f5
29.Nd4e2 Qe5e6
30.Nd2b3 f4
31.exf4 Bg5f6
32.Nb3d4 Bf6xd4
33.Ne2xd4 Qe6f6
34.Nd4e2 Qf6f5
35.Ba3b2 { resign }
1-0